000 00343nam a22001337a 4500
008 180309b xxu||||| |||| 00| 0 eng d
020 _a9780942702446
041 _aeng
080 _a321
100 _a20
101 _aSHP
245 _aFrom Conflict to Peace Building: The Power of Early Childhood Intiatives
_cConnolly, P
942 _2udc
_cBK
999 _c44615
_d44615